[Event "28th Czech Open A 2017"]
[Site "Pardubice CZE"]
[Date "2017.07.26"]
[Round "6.97"]
[White "Mertanen, Janne"]
[Black "Blodig, Constantin"]
[Result "1/2-1/2"]
[WhiteTitle "FM"]
[WhiteElo "2302"]
[BlackElo "2099"]
[WhiteFideId "501875"]
[BlackFideId "24696790"]
[EventDate "2017.07.21"]

1. d4 Nf6 2. Bg5 Ne4 3. Bf4 d5 4. e3 Bf5 5. f3 Nf6 6. c4 e6 7. Nc3 h6 8. g4 Bg6
9. Qb3 b6 10. Nb5 Bd6 11. Nxd6+ cxd6 12. Qa3 O-O 13. Qxd6 Nxg4 14. Qxd8 Rxd8 15.
cxd5 exd5 16. Rc1 Nf6 17. Rc3 a5 18. Bc7 Rc8 19. Bxb6 Rxc3 20. bxc3 Nbd7 21. Bc7
Ra7 22. Bd8 Ra8 23. Bxf6 Nxf6 24. a4 Rc8 25. Kd2 Ne4+ 26. fxe4 Bxe4 27. Nf3 Bxf3
28. Rg1 g5 29. Bd3 Rb8 30. Kc2 Rb6 31. Rg3 Bh1 32. Rg1 Bf3 33. Rg3 1/2-1/2

[Event "28th Czech Open A 2017"]
[Site "Pardubice CZE"]
[Date "2017.07.26"]
[Round "6.98"]
[White "Kravec, Patrik"]
[Black "Zhurov, Sergey"]
[Result "0-1"]
[WhiteElo "2058"]
[BlackElo "2297"]
[WhiteFideId "14923505"]
[BlackFideId "4105788"]
[EventDate "2017.07.21"]

1. e4 e5 2. Nf3 Nc6 3. d4 exd4 4. Nxd4 Bc5 5. Nb3 Bb6 6. Nc3 Nge7 7. Qe2 O-O 8.
Bg5 f6 9. Be3 f5 10. O-O-O d6 11. h4 f4 12. Bxb6 axb6 13. h5 h6 14. g3 fxg3 15.
fxg3 Ne5 16. Bh3 Bxh3 17. Rxh3 N7c6 18. Kb1 Qg5 19. Nd5 Rf7 20. Nf4 Re8 21. a3
Qg4 22. Qxg4 Nxg4 23. Re1 Nf2 24. Rh2 Rxe4 25. Rg1 Ng4 26. Rh4 Nge5 27. Nd2 Rd4
28. Rh2 Rxd2 29. Rxd2 Nf3 30. Rgd1 Nxd2+ 31. Rxd2 Kf8 32. Re2 Ne5 33. Re4 Ke8
34. Ra4 Kd7 35. Kc1 Rf5 36. Re4 Rg5 37. Re3 Ng4 38. Rf3 b5 39. Nh3 Re5 40. Rf7+
Re7 41. Rf8 c6 42. Nf4 Ne5 43. b3 d5 44. Kd2 Kd6 45. Rd8+ Kc5 46. Rg8 Nf3+ 47.
Kc3 Ng5 48. Kd3 Ne4 49. b4+ Kd6 50. Ne2 Nf6 51. Rf8 Nxh5 52. Nd4 Kc7 53. Nf5 Rd7
54. Rg8 Rf7 55. g4 Nf6 56. Rxg7 Rxg7 57. Nxg7 Nxg4 58. Kd4 b6 59. Nf5 Kd7 60.
Kd3 c5 61. c3 Ke6 62. Ng7+ Ke5 63. Ne8 Nf2+ 64. Ke3 Ne4 65. Kd3 h5 66. Nc7 h4 0-1

[Event "28th Czech Open A 2017"]
[Site "Pardubice CZE"]
[Date "2017.07.26"]
[Round "6.99"]
[White "Bertram, Karsten"]
[Black "Friedland, Moshe"]
[Result "0-1"]
[WhiteElo "2021"]
[BlackElo "2289"]
[WhiteFideId "4673042"]
[BlackFideId "2812843"]
[EventDate "2017.07.21"]

1. e4 c5 2. Nf3 d6 3. d4 cxd4 4. Nxd4 Nf6 5. Nc3 a6 6. Bg5 Nbd7 7. Qd2 e6 8.
O-O-O b5 9. Bd3 Bb7 10. f3 Be7 11. h4 Qc7 12. Kb1 O-O 13. g4 b4 14. Nce2 a5 15.
Nb5 Qb6 16. Be3 Nc5 17. Nbd4 Nfd7 18. g5 a4 19. Nc1 Ne5 20. h5 b3 21. cxb3 axb3
22. Ncxb3 Nexd3 23. g6 Qa6 24. a3 Nxb3 25. Nxb3 Ne5 26. Qh2 h6 27. Nd4 Nxf3 28.
Qg3 Bxe4+ 29. Ka1 Nxd4 30. Bxd4 fxg6 31. Rh2 Rf3 32. Qg4 Rxa3+ 0-1

[Event "28th Czech Open A 2017"]
[Site "Pardubice CZE"]
[Date "2017.07.26"]
[Round "6.100"]
[White "Goluch, Piotr"]
[Black "Lushnikov, Evgeny"]
[Result "1-0"]
[WhiteTitle "FM"]
[WhiteElo "2288"]
[BlackElo "2050"]
[WhiteFideId "1137840"]
[BlackFideId "24146269"]
[EventDate "2017.07.21"]

1. d4 Nf6 2. c4 e6 3. g3 c5 4. d5 exd5 5. cxd5 d6 6. Nc3 g6 7. Bg2 Bg7 8. Nf3
O-O 9. O-O Na6 10. Nd2 Nc7 11. a4 a6 12. Nc4 Rb8 13. a5 Nfe8 14. Bf4 h6 15. Qd2
g5 16. Be3 Nb5 17. f4 Nd4 18. fxg5 Nb3 19. Qd3 Nxa1 20. gxh6 Bxc3 21. Qxc3 Bg4
22. Rxa1 f6 23. Qd3 f5 24. h3 Bh5 25. g4 Bg6 26. g5 Qe7 27. Bf4 Bh5 28. e3 Rd8
29. Qc3 Be2 30. Kf2 Bxc4 31. Qxc4 Nc7 32. Rg1 Rfe8 33. Bf3 Qf7 34. Qc3 Nb5 35.
g6 Nxc3 36. gxf7+ Kxf7 37. bxc3 Rg8 38. Bh5+ Kf6 39. Rxg8 Rxg8 40. Bxd6 Rh8 41.
Bf4 1-0

[Event "28th Czech Open A 2017"]
[Site "Pardubice CZE"]
[Date "2017.07.26"]
[Round "6.101"]
[White "Chubar, Vladimir"]
[Black "Shemeakin, Alexander"]
[Result "0-1"]
[WhiteTitle "IM"]
[BlackTitle "IM"]
[WhiteElo "2010"]
[BlackElo "2276"]
[WhiteFideId "14101491"]
[BlackFideId "14101840"]
[EventDate "2017.07.21"]

1. Nf3 d5 2. d4 c5 3. c3 e6 4. Bf4 Nc6 5. e3 Nf6 6. Nbd2 Be7 7. h3 O-O 8. Bd3 b6
9. O-O Bb7 10. Qe2 Nh5 11. Bh2 f5 12. g4 Nf6 13. gxf5 exf5 14. Bxf5 Bc8 15. Bxc8
Qxc8 16. Kg2 Qe6 17. Ne5 Ne4 18. Nxc6 Qxc6 19. f3 Qg6+ 20. Kh1 Nxd2 21. Qxd2 Qh5
22. Qg2 Rf5 23. Qg4 Qf7 24. Bf4 Re8 25. Rg1 Bf8 26. Raf1 Re6 27. Qh4 Rh5 28. Qg4
Rg6 29. Qc8 Re6 30. Rg3 Qf5 31. Kg2 Rxh3 32. Qxe6+ Qxe6 33. Rxh3 Bd6 34. Bxd6
Qxd6 35. Rfh1 Qg6+ 36. Kf2 h6 37. Re1 Kh7 38. Re2 Qf5 39. Rg3 g5 40. a3 a5 41.
Kg2 Qd3 42. Kf2 cxd4 43. cxd4 Kg6 44. Rg2 h5 45. f4 g4 46. Kg3 Qe4 47. Rgf2 Kf5
48. Re1 a4 49. Rff1 h4+ 50. Kxh4 Qg2 51. Rh1 Qf2+ 52. Kh5 g3 53. Kh6 g2 54. Rh5+
Kf6 55. Rc1 g1=Q 56. Rc6+ Ke7 57. Rxb6 Qfg2 58. Rg5 Q2h1+ 59. Kg7 Qgh2 60. Rb7+
Ke8 61. Rb8+ Kd7 62. Rg8 Qh6+ 63. Kf7 Qe6+ 0-1

[Event "28th Czech Open A 2017"]
[Site "Pardubice CZE"]
[Date "2017.07.26"]
[Round "6.102"]
[White "Pajeken, Wolfgang"]
[Black "Jayaram, R."]
[Result "1/2-1/2"]
[WhiteTitle "FM"]
[WhiteElo "2274"]
[BlackElo "1955"]
[WhiteFideId "4622170"]
[BlackFideId "5019915"]
[EventDate "2017.07.21"]

1. Nf3 Nf6 2. c4 g6 3. g3 Bg7 4. Bg2 O-O 5. O-O c6 6. b3 Ne4 7. d4 d5 8. Bb2 Bf5
9. Nbd2 Nxd2 10. Qxd2 Be4 11. Rac1 Nd7 12. Qb4 Rb8 13. cxd5 Bxd5 14. Rfd1 Re8
15. Qe1 Be4 16. Qd2 h6 17. Bc3 e6 18. Qf4 Nf6 19. Bf1 g5 20. Qe3 Bh7 21. Be1 Qe7
22. h4 Nd5 23. Qd2 gxh4 24. Nxh4 Kh8 25. Bg2 Red8 26. e4 Nb6 27. Qa5 Rxd4 28.
Rxd4 Bxd4 29. Nf3 Bf6 30. Qxa7 Qd8 31. Rd1 Qxd1 32. Qxb8+ Kg7 33. e5 Bg5 34.
Qxb7 Nd5 35. Kh2 Be4 36. Nxg5 hxg5 37. Bb4 Bxg2 38. Kxg2 Qg4 39. Bd2 Qe4+ 40.
Kg1 Qb1+ 41. Kg2 1/2-1/2

[Event "28th Czech Open A 2017"]
[Site "Pardubice CZE"]
[Date "2017.07.26"]
[Round "6.103"]
[White "Parkhov, Yair"]
[Black "Burnett, Andrew"]
[Result "1-0"]
[WhiteTitle "FM"]
[BlackTitle "FM"]
[WhiteElo "2407"]
[BlackElo "2211"]
[WhiteFideId "2813408"]
[BlackFideId "2400855"]
[EventDate "2017.07.21"]

1. d4 Nf6 2. c4 g6 3. Nc3 Bg7 4. e4 d6 5. h3 O-O 6. Bg5 Qe8 7. Nf3 e5 8. dxe5
dxe5 9. Nd5 Nxd5 10. cxd5 c6 11. Bc4 cxd5 12. Bxd5 Na6 13. O-O Nb4 14. Bb3 Be6
15. Qd6 Nc6 16. Bxe6 Qxe6 17. Qxe6 fxe6 18. Rac1 Rac8 19. Rfd1 Nd4 20. Rxc8 Rxc8
21. Ne1 Kf7 22. Kf1 Rc6 23. Rc1 Bf6 24. Rxc6 Nxc6 25. Bd2 Be7 26. Nd3 Bd6 27.
Bc3 g5 28. Bd2 Kf6 29. Be3 b6 30. Ke2 Na5 31. b3 Nb7 32. Kd2 Bc7 33. Nb4 Nd6 34.
Na6 Bd8 35. Kd3 Nc8 36. a4 h6 37. b4 Ke7 38. b5 Kd6 39. Bc1 Be7 40. Bb2 Bf6 41.
f3 h5 42. g4 h4 43. Bc3 Kd7 44. Nb8+ Kc7 45. Nc6 Kd6 46. Bb2 a5 47. f4 gxf4 48.
g5 Bxg5 49. Nxe5 Be7 50. Nc4+ Kc7 51. Be5+ Bd6 52. Nxd6 Nxd6 53. Bxf4 Kd7 54.
Be3 Kc7 55. Bf2 Nb7 56. Kc3 e5 57. Kc4 1-0

[Event "28th Czech Open A 2017"]
[Site "Pardubice CZE"]
[Date "2017.07.26"]
[Round "6.104"]
[White "Moravec, Vit"]
[Black "Koscielski, Janusz"]
[Result "0-1"]
[BlackTitle "FM"]
[WhiteElo "2216"]
[BlackElo "2354"]
[WhiteFideId "331481"]
[BlackFideId "4614437"]
[EventDate "2017.07.21"]

1. d4 Nf6 2. c4 g6 3. Nc3 Bg7 4. e4 d6 5. Be2 O-O 6. Bg5 c5 7. d5 e6 8. Nf3 exd5
9. exd5 h6 10. Bd2 Bf5 11. O-O Ne4 12. Nxe4 Bxe4 13. Qc1 g5 14. Bc3 Nd7 15. Bxg7
Kxg7 16. Nd2 Bf5 17. f4 g4 18. Bd3 Qf6 19. Bxf5 Qxf5 20. Qc3+ Nf6 21. Rae1 Rfe8
22. g3 Kg8 23. Kf2 b5 24. Rxe8+ Rxe8 25. Re1 Rxe1 26. Kxe1 bxc4 27. Qxc4 Kf8 28.
b4 cxb4 29. Qxb4 Qxd5 30. Qb8+ Kg7 31. Qxa7 Qh1+ 32. Ke2 Qxh2+ 33. Qf2 Qh1 34.
Qd4 Qg2+ 35. Kd1 d5 36. Qe3 Qh1+ 37. Ke2 Qa1 38. a3 Qb2 39. Ke1 Qc1+ 40. Ke2 Qb2
41. Ke1 Qb5 42. Qd4 Qa6 43. a4 Kf8 44. Qb4+ Ke8 45. a5 Nd7 46. Qc3 Kd8 47. Nb3
Qc4 48. Qxc4 dxc4 49. Nd4 Nc5 50. Nc6+ Kc7 51. Ne7 Ne4 52. Nf5 h5 53. Ke2 Kc6
54. a6 Kb6 55. Ke3 c3 56. Nd4 Nxg3 57. a7 Kxa7 58. Nb5+ Kb7 59. Nxc3 Kc6 60. Kf2
h4 61. Nd1 f5 62. Ne3 Ne4+ 63. Kg1 Nd6 64. Ng2 h3 65. Nh4 Kd5 66. Kf2 Ke4 67.
Ng6 Ne8 68. Kg3 Nf6 0-1

[Event "28th Czech Open A 2017"]
[Site "Pardubice CZE"]
[Date "2017.07.26"]
[Round "6.105"]
[White "Bibik, Jura"]
[Black "Rafiee, Makan"]
[Result "1-0"]
[WhiteTitle "IM"]
[BlackTitle "FM"]
[WhiteElo "2208"]
[BlackElo "2345"]
[WhiteFideId "4113071"]
[BlackFideId "24609340"]
[EventDate "2017.07.21"]

1. d4 Nf6 2. c4 e6 3. Nc3 Bb4 4. e3 b6 5. Bd2 Bb7 6. Nf3 O-O 7. Be2 d5 8. cxd5
exd5 9. O-O Nbd7 10. Qa4 a5 11. Bb5 Re8 12. Rac1 Rc8 13. a3 Bf8 14. Ne2 Re6 15.
Nf4 Rd6 16. Ne5 Nb8 17. Rfd1 c6 18. Be2 Ne4 19. Be1 g5 20. Nh5 f6 21. f3 fxe5
22. fxe4 exd4 23. e5 Rh6 24. exd4 Ba6 25. Bg4 Rc7 26. Qc2 Bg7 27. Bg3 c5 28. e6
Rc6 29. Qf5 Rhxe6 30. Qxe6+ Rxe6 31. Bxe6+ Kh8 32. Nxg7 Kxg7 33. dxc5 bxc5 34.
Be5+ Kg6 35. Bxd5 Qb6 36. Be4+ Kf7 37. Rd6 Qa7 38. Rcd1 Be2 39. Rh6 1-0

[Event "28th Czech Open A 2017"]
[Site "Pardubice CZE"]
[Date "2017.07.26"]
[Round "6.106"]
[White "Mukashev, Assan"]
[Black "Matta, Vinay Kumar"]
[Result "1/2-1/2"]
[BlackTitle "FM"]
[WhiteElo "2207"]
[BlackElo "2326"]
[WhiteFideId "13703803"]
[BlackFideId "5016649"]
[EventDate "2017.07.21"]

1. d4 Nf6 2. Nf3 g6 3. g3 Bg7 4. Bg2 O-O 5. O-O d5 6. c4 c6 7. cxd5 cxd5 8. Nc3
Nc6 9. a3 Ne4 10. Bf4 Bg4 11. Ne5 Nxc3 12. bxc3 Nxe5 13. dxe5 Be6 14. Qb3 Qd7
15. Rfd1 Rfd8 16. Rd2 Rac8 17. Rad1 Rc5 18. e4 d4 19. Qb4 Qc7 20. cxd4 Rc1 21.
d5 Bg4 22. f3 Bc8 23. e6 Qc5+ 24. Qxc5 Rxc5 25. exf7+ Kxf7 26. Be3 Ra5 27. Rd3
b6 28. Rb3 Bd7 29. Rc1 Ba4 30. Rb4 Bd7 31. Rb3 Ba4 1/2-1/2

[Event "28th Czech Open A 2017"]
[Site "Pardubice CZE"]
[Date "2017.07.26"]
[Round "6.107"]
[White "Strebkovs, Andrejs"]
[Black "Roinos, Ilias"]
[Result "1/2-1/2"]
[WhiteTitle "IM"]
[WhiteElo "2321"]
[BlackElo "2206"]
[WhiteFideId "11601310"]
[BlackFideId "4232402"]
[EventDate "2017.07.21"]

1. d4 d5 2. Nf3 e6 3. c4 c5 4. cxd5 exd5 5. g3 Nc6 6. Bg2 Nf6 7. O-O Be7 8. b3
O-O 9. Bb2 Re8 10. Nc3 a6 11. dxc5 Bxc5 12. Rc1 Ba7 13. Na4 Ne4 14. Nd4 Ne5 15.
Nc3 f5 16. e3 Kh8 17. Nce2 Qd6 18. Nf4 Bd7 19. Qh5 g6 20. Qh6 Kg8 21. Nf3 Nxf3+
22. Bxf3 Re7 23. Rfd1 Bc6 24. h4 Nxf2 25. Rxc6 bxc6 26. Kxf2 Bxe3+ 27. Kg2 Rae8
28. Ba1 Qa3 29. Qg5 Qxa2+ 30. Kh3 Re6 31. Bd4 Qf2 32. Nxe6 Qxf3 33. Qxe3 Qxd1
34. Kh2 Qc2+ 35. Kg1 Qb1+ 36. Kh2 Qc2+ 37. Kg1 Qb1+ 38. Kh2 1/2-1/2

[Event "28th Czech Open A 2017"]
[Site "Pardubice CZE"]
[Date "2017.07.26"]
[Round "6.108"]
[White "Kolotilina, Liudmila"]
[Black "Hollan, Petr"]
[Result "1/2-1/2"]
[WhiteTitle "WFM"]
[BlackTitle "FM"]
[WhiteElo "2205"]
[BlackElo "2317"]
[WhiteFideId "32099568"]
[BlackFideId "360945"]
[EventDate "2017.07.21"]

1. e4 c5 2. Nf3 Nc6 3. Bb5 g6 4. O-O Bg7 5. Nc3 e5 6. a3 Nge7 7. b4 cxb4 8. axb4
O-O 9. d3 d6 10. Bc4 Bg4 11. h3 Bxf3 12. Qxf3 Nxb4 13. Rb1 Nec6 14. Ne2 Qd7 15.
c3 Na6 16. Be3 Nc5 17. Rfd1 Kh8 18. g4 Ne6 19. Ng3 b6 20. h4 Qe7 21. h5 Nf4 22.
d4 Qf6 23. Bxf4 Qxf4 24. Qxf4 exf4 25. Ne2 Rac8 26. Ba6 Rc7 27. Nxf4 Ne7 28. Rb3
Bh6 29. Nh3 gxh5 30. gxh5 Nc6 31. Kh2 f5 32. f3 fxe4 33. fxe4 Re7 34. Rb2 Rf3
35. Rd3 Rf8 36. Re2 Rd8 37. Rf3 Na5 38. Nf2 Rg7 39. Nd3 Rg5 40. Rh3 Rf8 41. Rg2
Nc6 42. Bb7 Ne7 43. Nb2 Rfg8 44. Rxg5 Bxg5 45. Rf3 Kg7 46. Nc4 Rd8 47. Ba6 h6
48. e5 dxe5 49. Nxe5 Rf8 50. Rxf8 Kxf8 51. Nf3 Be3 52. Kg3 Nd5 53. c4 Nf6 54.
Kh4 Bf2+ 55. Kh3 Nxh5 56. Kg4 Ng7 57. d5 h5+ 58. Kg5 Bg3 59. Nd4 h4 60. Kg4 Ne8
61. Nb5 Nc7 62. Nxc7 Bxc7 63. Kxh4 Ke7 64. Kg4 Bd6 1/2-1/2

[Event "28th Czech Open A 2017"]
[Site "Pardubice CZE"]
[Date "2017.07.26"]
[Round "6.109"]
[White "Aditya, Mittal"]
[Black "Tuomainen, Felix"]
[Result "1/2-1/2"]
[WhiteTitle "CM"]
[BlackTitle "FM"]
[WhiteElo "2203"]
[BlackElo "2294"]
[WhiteFideId "35042025"]
[BlackFideId "1720813"]
[EventDate "2017.07.21"]

1. d4 d5 2. c4 e6 3. Nc3 Be7 4. Nf3 Nf6 5. Bf4 O-O 6. e3 c5 7. dxc5 Bxc5 8. a3
a5 9. Qc2 Qe7 10. Bg5 Rd8 11. Rd1 dxc4 12. Bxc4 Rxd1+ 13. Qxd1 Nbd7 14. Be2 h6
15. Bh4 b6 16. Ne4 Bb7 17. Nxc5 Nxc5 18. O-O Rd8 19. Qc2 Bd5 20. b4 axb4 21.
axb4 Nce4 22. Qb2 Ra8 23. Qd4 Qc7 24. Ra1 Rxa1+ 25. Qxa1 Qc2 26. Bd1 Qd3 27. Qd4
Qb1 28. Bxf6 gxf6 29. Ne1 Bb3 30. f3 Ng5 31. h4 Qxd1 32. Qxd1 Bxd1 33. hxg5 fxg5
34. Nd3 Be2 35. Nb2 Bb5 36. Nd1 Be8 37. Nc3 b5 38. e4 f5 39. exf5 exf5 40. f4
Kf7 41. Kf2 gxf4 42. Kf3 Ke6 43. Kxf4 h5 44. Ne2 Bd7 45. Nd4+ Kd5 46. Nxf5 Kc4
47. Ng3 Bg4 48. Kg5 Kxb4 49. Nxh5 Bd1 50. Ng3 Kc3 51. Kf4 b4 52. Ke3 Ba4 53.
Ne2+ Kc2 54. Nd4+ Kc3 55. Ne2+ 1/2-1/2

[Event "28th Czech Open A 2017"]
[Site "Pardubice CZE"]
[Date "2017.07.26"]
[Round "6.110"]
[White "Semjonovs, Ilja"]
[Black "Polajzer, Danilo"]
[Result "1/2-1/2"]
[BlackTitle "IM"]
[WhiteElo "2198"]
[BlackElo "2291"]
[WhiteFideId "11604263"]
[BlackFideId "14600218"]
[EventDate "2017.07.21"]

1. e4 e5 2. Nf3 Nc6 3. Bc4 Nf6 4. d3 Be7 5. Nc3 O-O 6. O-O d6 7. h3 Na5 8. Bb3
h6 9. d4 exd4 10. Qxd4 a6 11. Qd3 b5 12. Nd5 Bb7 13. Bd2 Nxb3 14. axb3 Nxd5 15.
exd5 Qd7 16. Bc3 c5 17. dxc6 Qxc6 18. Qf5 Rfe8 19. Qg4 Bf8 20. Rfe1 Rxe1+ 21.
Rxe1 Re8 22. Rxe8 Qxe8 23. Nh4 Bc8 24. Nf5 Qe6 25. Ne3 Qxe3 26. fxe3 Bxg4 27.
hxg4 d5 28. Kf2 f6 29. Kf3 Kf7 30. e4 Ke6 31. Ke3 Bd6 32. exd5+ Kxd5 33. Kd3 Bf8
34. Be1 f5 35. c4+ Ke5 36. gxf5 Kxf5 37. Kd4 Ke6 38. Ke4 h5 39. Bc3 g5 40. Bd4
Bd6 41. c5 Bg3 42. Kf3 Bc7 43. b4 g4+ 44. Kf2 h4 45. Bc3 Kf5 46. Bg7 Bg3+ 47.
Ke2 Ke4 48. Kf1 Kd5 49. Bf6 h3 50. gxh3 gxh3 51. Bc3 Ke4 52. Kg1 Kd5 53. Kh1 1/2-1/2

[Event "28th Czech Open A 2017"]
[Site "Pardubice CZE"]
[Date "2017.07.26"]
[Round "6.111"]
[White "Furman, Boris"]
[Black "Polyik, Peter"]
[Result "1-0"]
[WhiteTitle "FM"]
[WhiteElo "2177"]
[BlackElo "2279"]
[WhiteFideId "4107187"]
[BlackFideId "758817"]
[EventDate "2017.07.21"]

1. d4 d5 2. c4 e5 3. dxe5 d4 4. Nf3 Nc6 5. a3 Bg4 6. Nbd2 Qe7 7. h3 Bh5 8. Qa4
O-O-O 9. g4 Bg6 10. b4 Kb8 11. Bb2 Nxe5 12. Nxe5 Qxe5 13. O-O-O Nf6 14. Bg2 c5
15. Qb5 Qc7 16. bxc5 a6 17. Qb6 Qxb6 18. cxb6 Bc5 19. Nb3 Bxb6 20. c5 Rc8 21.
Bxd4 Rhe8 22. Be3 Be4 23. Bxe4 Nxe4 24. Rd5 Bxc5 25. Nxc5 b6 26. Rd7 Rf8 27.
Rb7+ Ka8 28. Rxb6 Nxc5 29. Kb1 Rb8 30. Bxc5 Rxb6+ 31. Bxb6 Rb8 32. Kc2 Rxb6 33.
Rb1 Rf6 34. f3 Rh6 35. Rh1 Kb7 36. Kd3 Kc7 37. f4 Rd6+ 38. Ke3 Rc6 39. Kd3 Rd6+
40. Ke4 Re6+ 41. Kf3 Rh6 42. g5 Rc6 43. Rd1 h6 44. h4 h5 45. Rd3 Rc1 46. Rd5
Rc3+ 47. Ke4 g6 48. Ke5 Rh3 49. Kf6 Rxh4 50. e3 Rh3 51. Rd3 h4 52. Kxf7 Rg3 53.
Kxg6 h3 54. Rd1 Rxe3 55. f5 1-0

[Event "28th Czech Open A 2017"]
[Site "Pardubice CZE"]
[Date "2017.07.27"]
[Round "7.1"]
[White "Gopal, G.N."]
[Black "Gupta, Abhijeet"]
[Result "1-0"]
[WhiteTitle "GM"]
[BlackTitle "GM"]
[WhiteElo "2580"]
[BlackElo "2625"]
[WhiteFideId "5015693"]
[BlackFideId "5010608"]
[EventDate "2017.07.21"]

1. e4 e5 2. Nf3 Nc6 3. Bb5 Nf6 4. d3 Bc5 5. c3 d5 6. Nbd2 dxe4 7. dxe4 O-O 8.
O-O a5 9. a4 Qe7 10. h3 Nb8 11. Re1 h6 12. Qc2 Rd8 13. Nf1 Nh5 14. Ne3 c6 15.
Bc4 Qf6 16. Nf5 Bxf5 17. exf5 Nd7 18. Be3 Bxe3 19. Rxe3 Nf4 20. Rd1 Nb6 21.
Rxd8+ Rxd8 22. Nxe5 Nxc4 23. Nxc4 b5 24. Ne5 Qg5 25. Qe4 Nd5 26. Nxc6 Nxe3 27.
Nxd8 Nc4 28. Qd4 Qc1+ 29. Kh2 Nd2 30. h4 Nf1+ 31. Kh3 Qc2 32. Qd5 Kh7 33. Nxf7
Qxf2 34. Qf3 Qg1 35. g3 Nd2 36. Qg2 Qe3 37. axb5 Nf3 38. b6 Ng1+ 39. Kh2 Nf3+
40. Kh3 Ng1+ 41. Kg4 g6 42. fxg6+ Kg7 43. Ne5 h5+ 44. Kf5 Qxb6 45. Qd5 1-0

[Event "28th Czech Open A 2017"]
[Site "Pardubice CZE"]
[Date "2017.07.27"]
[Round "7.2"]
[White "Stocek, Jiri"]
[Black "Krejci, Jan2"]
[Result "0-1"]
[WhiteTitle "GM"]
[BlackTitle "GM"]
[WhiteElo "2590"]
[BlackElo "2519"]
[WhiteFideId "304760"]
[BlackFideId "322156"]
[EventDate "2017.07.21"]

1. c4 Nf6 2. Nc3 e5 3. Nf3 Nc6 4. e3 d5 5. cxd5 Nxd5 6. Bb5 Qd6 7. d4 exd4 8.
Nxd4 Bd7 9. Nxc6 Nxc3 10. bxc3 Qxd1+ 11. Kxd1 a6 12. Ba4 Bd6 13. c4 bxc6 14. Ke2
Rb8 15. Bd2 Ke7 16. Rac1 Be6 17. Bb3 Ba3 18. Rb1 Rhd8 19. f3 Bb4 20. Be1 a5 21.
Bh4+ g5 22. Be1 Bxe1 23. Rhxe1 Rb4 24. c5 Rdb8 25. h4 gxh4 26. Ra1 Bxb3 27. axb3
R8b5 28. Rec1 Rxb3 29. f4 Rb2+ 30. Kf3 Rd2 31. Rh1 Rxc5 32. Rxh4 h5 33. Rhh1 Rb5
34. Ra4 Kd6 35. Rha1 Rdd5 36. g4 hxg4+ 37. Kxg4 f5+ 38. Kg5 Kd7 39. Kf6 Kc8 40.
e4 fxe4 41. Rxe4 Rf5+ 42. Ke6 Rf8 43. Rea4 Rbf5 44. Rf1 Kd8 0-1

[Event "28th Czech Open A 2017"]
[Site "Pardubice CZE"]
[Date "2017.07.27"]
[Round "7.3"]
[White "Lalith, Babu M R"]
[Black "Tilicheev, Viacheslav"]
[Result "1/2-1/2"]
[WhiteTitle "GM"]
[BlackTitle "FM"]
[WhiteElo "2530"]
[BlackElo "2497"]
[WhiteFideId "5024595"]
[BlackFideId "24114928"]
[EventDate "2017.07.21"]

1. c4 Nf6 2. g3 e6 3. Bg2 d5 4. Nf3 a6 5. b3 Be7 6. Bb2 O-O 7. O-O c5 8. e3 Nc6
9. Qe2 b6 10. Rd1 Bb7 11. cxd5 Nxd5 12. Nc3 Nxc3 13. Bxc3 Bf6 14. d4 cxd4 15.
Nxd4 Nxd4 16. Bxd4 Bxg2 17. Kxg2 Bxd4 18. Rxd4 Qc8 19. Rad1 Ra7 20. Rd6 b5 21.
Qd2 a5 22. Rd8 Qc6+ 23. Kg1 Ra8 24. Rxf8+ Kxf8 25. Rc1 Qe8 26. Rc7 a4 27. Qd6+
Kg8 28. Rb7 h6 29. Qb6 axb3 30. axb3 b4 31. Kg2 e5 32. e4 Qf8 33. Qc7 Re8 34. h4
h5 35. Rb5 g6 36. Qb7 Qe7 37. Rxb4 Qxb7 38. Rxb7 Rc8 39. Kf3 Rc2 40. Ke3 Kg7 41.
b4 Rb2 42. b5 Kf6 43. b6 Ke6 44. f3 Rb3+ 45. Ke2 Kf6 46. Kd2 Rxf3 47. Kc2 Ke6
48. Rc7 Rf2+ 49. Kc3 Rf1 50. b7 Rb1 51. Kc4 f5 52. Kc5 Rc1+ 53. Kb6 Rb1+ 54. Ka7
Ra1+ 55. Kb8 fxe4 56. Kc8 Rb1 57. b8=Q Rxb8+ 58. Kxb8 Kd5 59. Rc1 e3 60. Kc7 e4
61. Re1 Kd4 62. Kd6 Kd3 63. Ke5 e2 64. Kf4 Kd2 65. Rxe2+ Kxe2 66. Kxe4 Kf2 67.
Kf4 Kg2 68. g4 hxg4 69. Kxg4 Kh2 1/2-1/2

[Event "28th Czech Open A 2017"]
[Site "Pardubice CZE"]
[Date "2017.07.27"]
[Round "7.4"]
[White "Demidov, Mikhail"]
[Black "Vogel, Roven"]
[Result "0-1"]
[WhiteTitle "IM"]
[BlackTitle "IM"]
[WhiteElo "2524"]
[BlackElo "2475"]
[WhiteFideId "4197143"]
[BlackFideId "12908088"]
[EventDate "2017.07.21"]

1. Nf3 Nf6 2. g3 g6 3. b3 Bg7 4. Bb2 O-O 5. Bg2 d6 6. d4 Nbd7 7. O-O Re8 8. c4
c6 9. Nc3 e5 10. e3 e4 11. Nd2 d5 12. f3 exf3 13. Qxf3 dxc4 14. bxc4 Nc5 15. h3
Nd3 16. Rab1 Qe7 17. Ba1 Qxe3+ 18. Qxe3 Rxe3 19. Nce4 Nxe4 20. Nxe4 f5 21. Nd6
Rxg3 22. Kh2 Re3 23. Nxb7 Bxb7 24. Rxb7 Re2 25. Kg1 Rxa2 26. Bxc6 Rd8 27. Bd5+
Kh8 28. Rb3 Nc1 29. Rxc1 Rxa1 30. Rxa1 Bxd4+ 31. Kf1 Bxa1 32. Ke2 Rd7 33. Bc6
Rc7 34. Bd5 Bd4 35. Kd3 Bb6 36. Ke2 Kg7 37. Kf3 g5 38. Rb1 Re7 39. Rb5 Re3+ 40.
Kg2 Re5 41. Rb2 h5 42. Rd2 g4 43. Bc6 Kf6 44. Bd7 Kg5 45. hxg4 hxg4 46. Bc6 f4
47. Rc2 Kh4 48. Bb7 Bc5 0-1

[Event "28th Czech Open A 2017"]
[Site "Pardubice CZE"]
[Date "2017.07.27"]
[Round "7.5"]
[White "Das, Sayantan"]
[Black "Ghosh, Diptayan"]
[Result "1/2-1/2"]
[WhiteTitle "IM"]
[BlackTitle "GM"]
[WhiteElo "2399"]
[BlackElo "2569"]
[WhiteFideId "5034426"]
[BlackFideId "5045207"]
[EventDate "2017.07.21"]

1. e4 c6 2. Nc3 d5 3. Nf3 Nf6 4. e5 Ne4 5. h3 Bf5 6. d4 e6 7. Bd3 c5 8. Qe2 Nxc3
9. bxc3 Bxd3 10. cxd3 Nc6 11. dxc5 Bxc5 12. O-O O-O 13. Rb1 b6 14. Be3 Bxe3 15.
fxe3 Rc8 16. Rbc1 Ne7 17. d4 Rc6 18. e4 h6 19. exd5 Qxd5 20. c4 Qd7 21. Qf2 Rd8
22. d5 Rc5 23. Nd4 Ng6 24. Qg3 Qe8 25. h4 h5 26. Nb3 Rcc8 27. d6 Qc6 28. Rxf7
Kxf7 29. Rf1+ 1/2-1/2

[Event "28th Czech Open A 2017"]
[Site "Pardubice CZE"]
[Date "2017.07.27"]
[Round "7.6"]
[White "Laznicka, Viktor"]
[Black "Pavlov, Sergey2"]
[Result "1-0"]
[WhiteTitle "GM"]
[BlackTitle "IM"]
[WhiteElo "2669"]
[BlackElo "2467"]
[WhiteFideId "316385"]
[BlackFideId "14114330"]
[EventDate "2017.07.21"]

1. d4 Nf6 2. c4 e6 3. Nc3 Bb4 4. Qc2 O-O 5. a3 Bxc3+ 6. Qxc3 d5 7. e3 b6 8. cxd5
exd5 9. Nf3 Ne4 10. Qc2 Bb7 11. Be2 Nd7 12. O-O a5 13. b3 c5 14. Bb2 Qe7 15. a4
Rfc8 16. Ba3 Qe6 17. Qb2 Nb8 18. Rac1 Na6 19. Ne5 Rc7 20. Nd3 Qe7 21. Nf4 Nb4
22. Rfe1 Rac8 23. Bg4 Rd8 24. f3 Nd6 25. Qd2 Ne8 26. Bf5 Nf6 27. Qf2 h6 28. Bb1
Rdc8 29. Ne2 Ba6 30. Ng3 g6 31. dxc5 bxc5 32. e4 d4 33. Rcd1 Qe6 34. Bc1 Qxb3
35. Bxh6 Bd3 36. e5 Nfd5 37. Ne4 Rc6 38. Qh4 Bxe4 39. Bxe4 Re6 40. f4 Ne3 41.
Bg5 f5 42. Rb1 Qa2 43. Bf3 Rf8 44. Be7 Rxe7 45. Qxe7 Nd3 46. Rf1 Qf7 47. Qg5 Nb4
48. Bh5 Kg7 49. Rf3 Rh8 50. Rg3 Rh6 51. Be2 Rh8 52. Rc1 Rc8 53. Rh3 Kg8 54. Rxc5 1-0